Trajectoire - Népal - Statistiques

Statistiques générales
  • Ce quiz a été pris 40 fois
  • Le résultat moyen est 147 sur 413
Statistiques - réponses
Réponse % Correct
trajectoire
88%
ça
84%
car
84%
un
84%
le
80%
ma
80%
une
80%
de
76%
en
76%
pas
76%
la
72%
peu
72%
vie
72%
à
68%
a
68%
peut
68%
et
64%
les
64%
néglige
64%
phrases
64%
j'calcule
60%
quatres
60%
se
60%
je
56%
l'taff
56%
s'résumer
56%
au
52%
autres
52%
ces
52%
jours
52%
c'est
48%
être
48%
pour
48%
pute
48%
action
44%
des
44%
mon
44%
s'maine
44%
bonne
40%
est
40%
j'ai
40%
lundi
40%
mes
40%
ou
40%
si
40%
SNEP
40%
disquettes
36%
nos
36%
par
36%
qu'on
36%
te
36%
traquenard
36%
dans
32%
du
32%
faut
32%
iris
32%
magie
32%
oublie
32%
partout
32%
que
32%
qui
32%
quoi
32%
sinistre
32%
ton
32%
tu
32%
vu
32%
cette
28%
comme
28%
d'la
28%
j'me
28%
l'ble-dia
28%
on
28%
qu'dehors
28%
qu'y'a
28%
tes
28%
vice
28%
ville
28%
aimer
24%
avec
24%
chaque
24%
contourner
24%
crées
24%
désarmer
24%
Dieu
24%
donner
24%
faire
24%
flashback
24%
gens
24%
grain
24%
imparti
24%
j'fais
24%
j'peux
24%
laisse
24%
l'hiver
24%
l'sablier
24%
même
24%
moi
24%
partie
24%
perds
24%
peux
24%
prépare
24%
quand
24%
réalité
24%
rêve
24%
s'imisce
24%
temps
24%
trackpad
24%
y
24%
bails
20%
bord
20%
chances
20%
corps
20%
croire
20%
crottes
20%
d'aller
20%
d'hab
20%
d'un
20%
force
20%
foutu
20%
hors
20%
humilité
20%
important
20%
j'm'en
20%
j'profite
20%
j'vis
20%
l'chemin
20%
léviter
20%
loin
20%
mais
20%
mer
20%
nez
20%
plus
20%
prend
20%
remets
20%
reste
20%
silence
20%
sont
20%
sous
20%
sur
20%
t'est
20%
vrai
20%
zombie
20%
arrêté
16%
aux
16%
c'est quoi
16%
chasseurs
16%
collés
16%
comètes
16%
compter
16%
côté
16%
d'atteinte
16%
d'comprendre
16%
d'élévation
16%
démon
16%
d'essayer
16%
d'être
16%
d'jà
16%
d'l'autre
16%
doubler
16%
d'promesses
16%
d'raisonner
16%
gars
16%
j'reste
16%
j'saurais
16%
l'amour
16%
leur
16%
locations
16%
mental
16%
monde
16%
parlent
16%
passent
16%
posters
16%
qu'eux-mêmes
16%
qu'ils
16%
qu'mon
16%
restent
16%
rotation
16%
s'abreuver
16%
tant
16%
vivent
16%
vois-tu
16%
vraiment
16%
analyse
12%
avenir
12%
balles
12%
biens
12%
choses
12%
commettent
12%
concentré
12%
concert
12%
confiance
12%
contexte
12%
cool
12%
courants
12%
c'qui
12%
différents
12%
digne
12%
drogue
12%
d'tous
12%
dur
12%
élever
12%
enfoirés
12%
erreurs
12%
esprit
12%
étant
12%
fait
12%
fixés
12%
fonce-dé
12%
grandi
12%
humains
12%
j'partais
12%
j'pense
12%
l'apprécier
12%
l'échange
12%
milieu
12%
m'isoler
12%
mourir
12%
nature
12%
paro
12%
pendant
12%
qu'des
12%
qu'j'oubliais
12%
rassuré
12%
relations
12%
rencontrer
12%
reprochaient
12%
riche
12%
s'complète
12%
sens
12%
souvent
12%
s'reposent
12%
terni
12%
tort
12%
travaillent
12%
vents
12%
yeux
12%
caisse-claire
8%
certaines
8%
contraires
8%
émetteur
8%
nôtres
8%
ouais
8%
plutôt
8%
qu'j'étais
8%
sais
8%
Aucun quiz correspondant
Distribution des résultats
% des personnes avec chaque résultat
Percentile par nombre de réponses
Votre historique - résultats
Vous n’avez pas pris ce quiz